[Event "George Trundle NZ Masters 2017"]
[Site "Auckland, NZL"]
[Date "2017.10.06"]
[Round "7.1"]
[White "Lukey, Stephen G"]
[Black "Gong, Daniel Hanwen"]
[Result "1/2-1/2"]
[BlackElo "2252"]
[WhiteElo "2188"]
[LiveChessVersion "1.4.8"]

1. d4 {[%clk 1:30:58]} Nf6 {[%clk 1:30:58]} 2. c4 {[%clk 1:31:25]} g6
{[%clk 1:31:25]} 3. Nc3 {[%clk 1:31:51]} Bg7 {[%clk 1:31:52]} 4. Nf3
{[%clk 1:31:56]} O-O {[%clk 1:31:30]} 5. Bg5 {[%clk 1:32:17]} h6 {[%clk 1:31:49]}
6. Bh4 {[%clk 1:32:29]} c5 {[%clk 1:31:57]} 7. e3 {[%clk 1:31:58]} cxd4
{[%clk 1:30:44]} 8. Nxd4 {[%clk 1:31:51]} Nc6 {[%clk 1:29:37]} 9. Be2
{[%clk 1:31:31]} Nxd4 {[%clk 1:24:21]} 10. Qxd4 {[%clk 1:31:08]} d6
{[%clk 1:24:17]} 11. O-O {[%clk 1:24:15]} Be6 {[%clk 1:22:22]} 12. Qd2
{[%clk 1:24:06]} Rc8 {[%clk 1:22:23]} 13. Nd5 {[%clk 1:05:05]} g5
{[%clk 1:20:18]} 14. Bg3 {[%clk 1:03:47]} Ne4 {[%clk 1:19:46]} 15. Qb4
{[%clk 1:01:04]} Nxg3 {[%clk 1:18:40]} 16. hxg3 {[%clk 0:59:04]} Bxd5
{[%clk 1:06:17]} 17. cxd5 {[%clk 0:59:28]} Rc2 {[%clk 1:05:55]} 18. Bd3
{[%clk 0:59:50]} Rxb2 {[%clk 1:06:21]} 19. Qe4 {[%clk 1:00:11]} Re8
{[%clk 1:06:09]} 20. Rab1 {[%clk 0:48:57]} Rxb1 {[%clk 1:05:50]} 21. Rxb1
{[%clk 0:49:23]} Qc7 {[%clk 1:05:58]} 22. Rb4 {[%clk 0:40:20]} a6
{[%clk 1:03:18]} 23. Rc4 {[%clk 0:39:36]} Qa5 {[%clk 1:03:40]} 24. Qf5
{[%clk 0:32:19]} Rd8 {[%clk 0:48:56]} 25. Kh2 {[%clk 0:23:30]} 1/2-1/2

[Event "George Trundle NZ Masters 2017"]
[Site "Auckland, NZL"]
[Date "2017.10.06"]
[Round "7.2"]
[White "Johansen, Darryl K"]
[Black "Hague, Ben"]
[Result "1/2-1/2"]
[BlackElo "2365"]
[WhiteElo "2380"]
[LiveChessVersion "1.4.8"]

1. c4 {[%clk 1:30:40]} e5 {[%clk 1:30:51]} 2. Nc3 {[%clk 1:30:58]} Nf6
{[%clk 1:31:17]} 3. Nf3 {[%clk 1:31:03]} Nc6 {[%clk 1:31:42]} 4. a3
{[%clk 1:30:55]} a5 {[%clk 1:27:43]} 5. g3 {[%clk 1:20:28]} Bc5 {[%clk 1:20:37]}
6. Bg2 {[%clk 1:19:37]} d6 {[%clk 1:11:46]} 7. d3 {[%clk 1:19:39]} h6
{[%clk 1:10:07]} 8. O-O {[%clk 1:19:31]} O-O {[%clk 1:10:15]} 9. b3
{[%clk 1:07:25]} Bf5 {[%clk 1:03:45]} 10. Bb2 {[%clk 1:04:18]} Qd7
{[%clk 0:56:15]} 11. Nb5 {[%clk 0:41:54]} Bh3 {[%clk 0:48:27]} 12. e3
{[%clk 0:40:47]} Bxg2 {[%clk 0:46:42]} 13. Kxg2 {[%clk 0:41:15]} Bb6
{[%clk 0:42:44]} 14. Rc1 {[%clk 0:37:06]} Ne7 {[%clk 0:38:14]} 15. b4
{[%clk 0:35:00]} axb4 {[%clk 0:36:42]} 16. axb4 {[%clk 0:35:28]} Nf5
{[%clk 0:34:41]} 17. e4 {[%clk 0:32:48]} Ne7 {[%clk 0:34:08]} 18. h3
{[%clk 0:30:57]} Ng6 {[%clk 0:32:19]} 19. Nc3 {[%clk 0:27:17]} 1/2-1/2

[Event "George Trundle NZ Masters 2017"]
[Site "Auckland, NZL"]
[Date "2017.10.06"]
[Round "7.3"]
[White "Reilly, Tim"]
[Black "Chan, Peng Kong"]
[Result "1-0"]
[BlackElo "2170"]
[WhiteElo "2153"]
[LiveChessVersion "1.4.8"]

1. d4 {[%clk 1:30:58]} d5 {[%clk 1:30:38]} 2. c4 {[%clk 1:31:06]} c6
{[%clk 1:31:04]} 3. Nf3 {[%clk 1:31:16]} Nf6 {[%clk 1:31:28]} 4. e3
{[%clk 1:31:21]} Bf5 {[%clk 1:31:10]} 5. Nc3 {[%clk 1:31:27]} e6 {[%clk 1:31:25]}
6. Nh4 {[%clk 1:30:29]} Bg6 {[%clk 1:31:41]} 7. Nxg6 {[%clk 1:26:12]} hxg6
{[%clk 1:31:53]} 8. Bd2 {[%clk 1:26:23]} Nbd7 {[%clk 1:31:23]} 9. Qc2
{[%clk 1:20:21]} Bd6 {[%clk 1:23:08]} 10. cxd5 {[%clk 1:09:16]} exd5
{[%clk 1:22:54]} 11. Be2 {[%clk 1:06:12]} Qe7 {[%clk 1:21:39]} 12. O-O-O
{[%clk 1:01:45]} Nb6 {[%clk 1:14:00]} 13. Kb1 {[%clk 0:59:31]} Kf8
{[%clk 1:03:55]} 14. f3 {[%clk 0:56:08]} Re8 {[%clk 1:00:38]} 15. Bd3
{[%clk 0:53:43]} Qc7 {[%clk 0:51:27]} 16. e4 {[%clk 0:52:22]} Bf4
{[%clk 0:50:31]} 17. e5 {[%clk 0:51:00]} Bxd2 {[%clk 0:50:40]} 18. Qxd2
{[%clk 0:44:45]} Nfd7 {[%clk 0:44:50]} 19. f4 {[%clk 0:44:48]} Kg8
{[%clk 0:45:15]} 20. g4 {[%clk 0:43:37]} Nf8 {[%clk 0:44:53]} 21. f5
{[%clk 0:42:19]} Qe7 {[%clk 0:45:12]} 22. Rdf1 {[%clk 0:38:15]} Nbd7
{[%clk 0:43:44]} 23. h4 {[%clk 0:35:30]} b5 {[%clk 0:42:14]} 24. h5
{[%clk 0:32:56]} gxh5 {[%clk 0:36:26]} 25. gxh5 {[%clk 0:32:50]} f6
{[%clk 0:31:30]} 26. e6 {[%clk 0:31:40]} Nb6 {[%clk 0:31:54]} 27. h6
{[%clk 0:31:23]} Rxh6 {[%clk 0:30:42]} 28. Rxh6 {[%clk 0:29:14]} gxh6
{[%clk 0:31:11]} 29. Rg1+ {[%clk 0:29:35]} Kh8 {[%clk 0:31:19]} 30. Qxh6+
{[%clk 0:28:51]} Nh7 {[%clk 0:31:44]} 31. Ne2 {[%clk 0:19:09]} Rg8
{[%clk 0:31:45]} 32. Rh1 {[%clk 0:16:39]} Rg7 {[%clk 0:23:40]} 33. Nf4
{[%clk 0:14:39]} Kg8 {[%clk 0:23:04]} 34. Nh5 {[%clk 0:10:03]} Nc8
{[%clk 0:21:42]} 35. Nxg7 {[%clk 0:08:36]} Qxg7 {[%clk 0:22:10]} 36. Qxg7+
{[%clk 0:06:42]} Kxg7 {[%clk 0:22:38]} 37. a4 {[%clk 0:05:43]} bxa4
{[%clk 0:19:32]} 38. Rc1 {[%clk 0:05:07]} Ne7 {[%clk 0:19:56]} 39. Ka2
{[%clk 0:05:24]} Ng5 {[%clk 0:20:21]} 40. Rg1 {[%clk 0:34:51]} Kh6
{[%clk 0:50:30]} 41. Ka3 {[%clk 0:33:48]} Nf3 {[%clk 0:50:46]} 42. Rg4
{[%clk 0:32:35]} 1-0

[Event "George Trundle NZ Masters 2017"]
[Site "Auckland, NZL"]
[Date "2017.10.06"]
[Round "7.4"]
[White "Croad, Nicholas"]
[Black "Ang, Alphaeus Wei Ern"]
[Result "1-0"]
[BlackElo "2228"]
[WhiteElo "2247"]
[LiveChessVersion "1.4.8"]

1. d4 {[%clk 1:30:58]} Nf6 {[%clk 1:30:56]} 2. Nf3 {[%clk 1:31:23]} g6
{[%clk 1:31:22]} 3. Bg5 {[%clk 1:31:49]} Bg7 {[%clk 1:31:20]} 4. Nbd2
{[%clk 1:32:13]} O-O {[%clk 1:31:14]} 5. c3 {[%clk 1:32:21]} d6 {[%clk 1:30:42]}
6. e4 {[%clk 1:32:44]} Nbd7 {[%clk 1:28:33]} 7. Bc4 {[%clk 1:29:21]} e5
{[%clk 1:27:29]} 8. dxe5 {[%clk 1:29:18]} dxe5 {[%clk 1:27:22]} 9. h3
{[%clk 1:20:13]} h6 {[%clk 1:25:53]} 10. Be3 {[%clk 1:20:04]} b6 {[%clk 1:23:28]}
11. Nh2 {[%clk 1:10:42]} Bb7 {[%clk 1:17:25]} 12. Ng4 {[%clk 1:06:04]} Kh7
{[%clk 1:15:31]} 13. Qc2 {[%clk 0:58:29]} Ne8 {[%clk 1:08:47]} 14. h4
{[%clk 0:53:30]} f5 {[%clk 0:46:41]} 15. exf5 {[%clk 0:32:41]} gxf5
{[%clk 0:46:57]} 16. O-O-O {[%clk 0:29:45]} Nd6 {[%clk 0:44:13]} 17. Be2
{[%clk 0:27:21]} Kh8 {[%clk 0:41:38]} 18. Bg5 {[%clk 0:25:49]} Qe8
{[%clk 0:19:17]} 19. Ne3 {[%clk 0:19:36]} hxg5 {[%clk 0:16:57]} 20. hxg5+
{[%clk 0:19:59]} Kg8 {[%clk 0:17:17]} 21. Ndc4 {[%clk 0:20:14]} Ne4
{[%clk 0:07:35]} 22. Na5 {[%clk 0:18:58]} Nxg5 {[%clk 0:02:16]} 23. Nxb7
{[%clk 0:18:18]} Rf6 {[%clk 0:00:41]} 24. Bb5 {[%clk 0:17:34]} c6
{[%clk 0:00:43]} 25. Bc4+ {[%clk 0:17:51]} Kf8 {[%clk 0:00:45]} 26. Nxf5
{[%clk 0:17:49]} e4 {[%clk 0:00:40]} 27. Nxg7 {[%clk 0:17:30]} Kxg7
{[%clk 0:01:01]} 28. Qd2 {[%clk 0:16:10]} Ne5 {[%clk 0:01:03]} 29. Qxg5+
{[%clk 0:14:16]} Rg6 {[%clk 0:01:24]} 30. Qf5 {[%clk 0:12:38]} Nxc4
{[%clk 0:00:42]} 31. Rd7+ {[%clk 0:13:02]} Kg8 {[%clk 0:00:45]} 32. Rdh7
{[%clk 0:13:19]} e3 {[%clk 0:00:34]} 33. Rh8+ {[%clk 0:13:44]} Kg7
{[%clk 0:01:01]} 34. R1h7# {[%clk 0:14:08]} Kg8 35. Rd7+ 1-0

[Event "George Trundle NZ Masters 2017"]
[Site "Auckland, NZL"]
[Date "2017.10.06"]
[Round "7.5"]
[White "Van Riemsdijk, Herman C."]
[Black "Smith, Robert W"]
[Result "0-1"]
[BlackElo "2230"]
[WhiteElo "2306"]
[LiveChessVersion "1.4.8"]

1. e4 {[%clk 1:30:54]} c5 {[%clk 1:30:57]} 2. Nf3 {[%clk 1:31:15]} g6
{[%clk 1:31:07]} 3. d4 {[%clk 1:31:24]} cxd4 {[%clk 1:31:32]} 4. Qxd4
{[%clk 1:31:44]} Nf6 {[%clk 1:31:56]} 5. e5 {[%clk 1:32:09]} Nc6 {[%clk 1:32:23]}
6. Qa4 {[%clk 1:32:33]} Nd5 {[%clk 1:32:48]} 7. Qe4 {[%clk 1:32:53]} Nc7
{[%clk 1:32:28]} 8. Nc3 {[%clk 1:32:56]} Bg7 {[%clk 1:32:42]} 9. Bf4
{[%clk 1:33:12]} O-O {[%clk 1:30:46]} 10. h4 {[%clk 1:31:35]} d5 {[%clk 1:14:08]}
11. exd6 {[%clk 1:26:51]} exd6 {[%clk 1:14:25]} 12. O-O-O {[%clk 1:26:15]} Bf5
{[%clk 1:14:02]} 13. Qc4 {[%clk 1:25:46]} Be6 {[%clk 1:10:17]} 14. Qd3
{[%clk 1:21:47]} Ne5 {[%clk 1:06:19]} 15. Qxd6 {[%clk 1:07:51]} Qxd6
{[%clk 1:06:45]} 16. Rxd6 {[%clk 1:08:14]} Nxf3 {[%clk 1:07:12]} 17. gxf3
{[%clk 1:08:35]} Bxc3 {[%clk 0:57:25]} 18. bxc3 {[%clk 1:08:49]} Nd5
{[%clk 0:57:54]} 19. Be5 {[%clk 1:07:42]} Rfd8 {[%clk 0:57:40]} 20. Rxd8+
{[%clk 1:04:01]} Rxd8 {[%clk 0:58:09]} 21. Bh3 {[%clk 1:03:59]} Bxh3
{[%clk 0:55:46]} 22. Rxh3 {[%clk 1:04:04]} f6 {[%clk 0:55:56]} 23. c4
{[%clk 0:45:32]} fxe5 {[%clk 0:56:22]} 24. cxd5 {[%clk 0:45:48]} Rxd5
{[%clk 0:56:51]} 25. Rg3 {[%clk 0:46:02]} Kg7 {[%clk 0:52:01]} 26. h5
{[%clk 0:45:52]} Rd6 {[%clk 0:50:31]} 27. Rg4 {[%clk 0:45:59]} Rd4
{[%clk 0:41:57]} 28. Rg3 {[%clk 0:46:19]} Rh4 {[%clk 0:41:09]} 29. hxg6
{[%clk 0:46:35]} hxg6 {[%clk 0:41:38]} 30. Kd2 {[%clk 0:46:36]} Ra4
{[%clk 0:37:50]} 31. Rg1 {[%clk 0:46:50]} Rxa2 {[%clk 0:37:35]} 32. Rb1
{[%clk 0:47:13]} b6 {[%clk 0:37:48]} 33. Rb4 {[%clk 0:47:20]} Ra3
{[%clk 0:26:52]} 34. c3 {[%clk 0:45:17]} Ra2+ {[%clk 0:21:15]} 35. Ke3
{[%clk 0:45:35]} Ra5 {[%clk 0:15:26]} 36. f4 {[%clk 0:43:38]} exf4+
{[%clk 0:14:17]} 37. Rxf4 {[%clk 0:38:52]} Re5+ {[%clk 0:11:32]} 38. Kd3
{[%clk 0:38:37]} Rf5 {[%clk 0:11:17]} 39. Ra4 {[%clk 0:39:00]} a5
{[%clk 0:08:31]} 40. Ke3 {[%clk 1:07:45]} Rc5 {[%clk 0:37:17]} 41. c4
{[%clk 1:07:00]} Kf6 {[%clk 0:37:22]} 42. Kd4 {[%clk 1:07:20]} Ke6
{[%clk 0:31:20]} 43. Ra3 {[%clk 1:06:08]} Kd6 {[%clk 0:29:38]} 44. Rb3
{[%clk 1:06:24]} Kc6 {[%clk 0:29:42]} 45. Rg3 {[%clk 1:06:47]} g5
{[%clk 0:30:07]} 46. f4 {[%clk 1:07:12]} gxf4 {[%clk 0:30:28]} 47. Rg6+
{[%clk 1:07:35]} Kb7 {[%clk 0:30:50]} 48. Rf6 {[%clk 1:07:59]} a4
{[%clk 0:22:56]} 49. Rxf4 {[%clk 1:08:22]} Ra5 {[%clk 0:20:06]} 50. Rf2
{[%clk 1:07:16]} a3 {[%clk 0:20:05]} 51. Ra2 {[%clk 1:07:37]} Kc6
{[%clk 0:20:25]} 52. Kc3 {[%clk 1:06:41]} Kc5 {[%clk 0:20:16]} 53. Kb3
{[%clk 1:06:16]} Ra8 {[%clk 0:19:01]} 54. Kc3 {[%clk 1:04:51]} Rh8
{[%clk 0:17:24]} 55. Rg2 {[%clk 1:02:26]} Rh3+ {[%clk 0:17:20]} 56. Kc2
{[%clk 1:02:22]} Kxc4 {[%clk 0:17:21]} 57. Kb1 {[%clk 1:02:21]} b5
{[%clk 0:16:46]} 58. Ka2 {[%clk 1:01:46]} b4 {[%clk 0:16:02]} 59. Rg4+
{[%clk 0:59:07]} Kb5 {[%clk 0:16:18]} 60. Rg5+ {[%clk 0:59:32]} Ka4
{[%clk 0:16:34]} 61. Rg4 {[%clk 0:59:53]} Rh2+ {[%clk 0:16:47]} 62. Ka1
{[%clk 1:00:12]} Rd2 {[%clk 0:14:21]} 63. Rh4 {[%clk 1:00:13]} Kb3
{[%clk 0:14:12]} 64. Rh3+ {[%clk 1:00:26]} Kc4 {[%clk 0:14:35]} 65. Rh4+
{[%clk 0:59:36]} Rd4 {[%clk 0:14:57]} 66. Rh1 {[%clk 0:59:49]} b3
{[%clk 0:15:13]} 67. Kb1 {[%clk 1:00:01]} Kb4 {[%clk 0:15:18]} 68. Ka1
{[%clk 1:00:18]} Rc4 {[%clk 0:14:36]} 69. Rb1 {[%clk 1:00:21]} b2+
{[%clk 0:11:02]} 70. Ka2 {[%clk 1:00:07]} Rc1 0-1